00334nam a2200121 a 4500001000400000003000500004005001700009008004100026040002000067100002100087245006100108260004300169791CDMR20130116135158.0130130s1985||||||||||||||||||||||||||||d aCDMRbcatcCDMR1 aSuarez, Federico10aDonoso Cortés y la fundación de El Heraldo y El Sol aPamplonac1985bUniversidad de Navarra